000 00626nam a2200241 a 4500
001 0001-1054
003 ELIB.Books
008 141127 2010 eng
020 _a0850096030
035 _a(ELIB.Books)0001-1209
092 _a261
_bCol
100 _aColson, Charles
245 _aThe Body:
_bBeing Light In Darkness
260 _aMilton Keynes.
_bWord Publishing
_c1992
300 _a0-8066-1701-2
_c18 Cm
500 _aDr. Doh Say
650 _aChurch & the World
856 _nKBTS; Library
_uKBTS; Elib.
942 _2ddc
_cBK
990 _a1
998 _cbat
_e2014-11-27
999 _c11054
_d11054